Score 0/26 Timer 03:00
0 Plays Today
Hint 5-Letter Word % Correct
Not blackWHITE
94.6%
Outside part of egg or nutSHELL
94%
Not deadALIVE
92.7%
FrightenSCARE
92.3%
MotionlessSTILL
91.5%
DuringWHILE
91%
Bathroom weigherSCALE
90.9%
Divide by twoHALVE
90.9%
Not a strike (in bowling)SPARE
90%
Piece of breadSLICE
90%
A booth or restroom unitSTALL
89.8%
Old and flavorlessSTALE
89.3%
Wonderland visitorALICE
89%
Hint 5-Letter Word % Correct
South American countryCHILE
88.7%
Cool or relaxedCHILL
87.7%
Actress Berry of 'Monster's Ball'HALLE
87.1%
Device to control the flow through a pipeVALVE
86.3%
Food flavorerSPICE
86.2%
Church towerSPIRE
84.9%
Plant or stoogeSHILL
84%
Protagonist of Portal and Portal 2CHELL
79.7%
CriesWAILS
74.6%
PraisesHAILS
73.4%
Selassie who led EthiopiaHAILE
71.4%
Tiny amountsWHITS
66.3%
Growling singer-songwriter TomWAITS
65.9%

Today's Daily Dose

Remove Ads.
Support Sporcle.
Get the best of Sporcle when you Go Orange. This ad-free experience offers more features, more stats, and more fun while also helping to support Sporcle. Thank you for becoming a member.

You're not logged in!

Compare scores with friends on all Sporcle quizzes.
OR
Log In

Show Comments

Extras

Top Quizzes Today


Score Distribution

Your Account Isn't Verified!

In order to create a playlist on Sporcle, you need to verify the email address you used during registration. Go to your Sporcle Settings to finish the process.

Report this User

Report this user for behavior that violates our Community Guidelines.

Details: